Central Library OPAC University of Rajshahi

World prehistory : (Record no. 11041)

MARC details
000 -LEADER
fixed length control field 00686cam a22002411 4500
001 - CONTROL NUMBER
control field 11041
003 - CONTROL NUMBER IDENTIFIER
rucl marc code BD-RjUL
005 - DATE AND TIME OF LATEST TRANSACTION
control field 20211208235047.0
008 - FIXED-LENGTH DATA ELEMENTS--GENERAL INFORMATION
fixed length control field 140126r19621961enka 000 0 eng d
035 ## - SYSTEM CONTROL NUMBER
System control number (BD-RjUL)11090
040 ## - CATALOGING SOURCE
Original cataloging agency DLC
Transcribing agency DLC
Modifying agency DLC
-- (BD-RjUL)
Language of cataloging eng
041 ## - LANGUAGE CODE
Language code of text/sound track or separate title eng
082 00 - DEWEY DECIMAL CLASSIFICATION NUMBER
Classification number 573.3
Author mark and year CLW
100 1# - MAIN ENTRY--PERSONAL NAME
Personal name Clark, Grahame,
Dates associated with a name 1907-1995.
9 (RLIN) 34133
245 10 - TITLE STATEMENT
Title World prehistory :
Remainder of title an outline /
Statement of responsibility, etc. By Clark, Grahame,
250 ## - EDITION STATEMENT
Edition statement 1st ed.
260 ## - PUBLICATION, DISTRIBUTION, ETC. (IMPRINT)
Place of publication, distribution, etc. Cambridge :
Name of publisher, distributor, etc. University Press,
Date of publication, distribution, etc. 1961. [Reprent 1962]
300 ## - PHYSICAL DESCRIPTION
Pagination 283 p. :
Illustrations ill. ;
Size 23 cm.
504 ## - BIBLIOGRAPHY, ETC. NOTE
Bibliography, etc Includes Index
650 #0 - SUBJECT ADDED ENTRY--TOPICAL TERM
Topical term or geographic name as entry element Prehistoric peoples.
9 (RLIN) 34070
942 ## - ADDED ENTRY ELEMENTS (KOHA)
Source of classification or shelving scheme Dewey Decimal Classification
Koha item type Books
Holdings
Lost status Source of classification or shelving scheme Damaged status Not for loan Collection code Permanent Location Current Location Shelving location Date acquired Source of acquisition Total Checkouts Full call number Date last seen Copy number Koha item type Cost, normal purchase price
  Dewey Decimal Classification     Non-fiction Central Library, University of Rajshahi Central Library, University of Rajshahi   25/07/1977 Asia foundation Gift   930.1 CLW 1962 26/01/2014 C-3 Books  
  Dewey Decimal Classification     Non-fiction Central Library, University of Rajshahi Central Library, University of Rajshahi   18/06/1965 Euro pak.   930.1 CLW 1962 26/01/2014 C-2 Books 22.50
  Dewey Decimal Classification   Not For Loan Non-fiction Central Library, University of Rajshahi Central Library, University of Rajshahi Reading Room 18/06/1965 Euraka book agency   930.1 CLW 1952 21/05/2017 C-1 Books 22.50